[Event "SC Falke Saerbeck 1 - Schachklub Münst"]
[Site "Regionalliga, Gr. 1 2022/2023"]
[Date "2023.02.25"]
[Round "7.6"]
[White "Bartsch, Rainer"]
[Black "Schielke, David"]
[Result "1/2-1/2"]
[WhiteElo "1699"]
[BlackElo "1454"]
[PlyCount "140"]
[EventDate "2023.??.??"]
[SourceTitle "Verband Muensterland"]
[SourceDate "2022.09.15"]
[SourceVersion "1"]
[SourceVersionDate "2022.09.15"]
[SourceQuality "1"]
[WhiteTeam "Saerbeck"]
[BlackTeam "Muenster SK IV"]
[WhiteTeamCountry "GER"]
[BlackTeamCountry "GER"]

1. d4 d5 2. Nf3 Nf6 3. e3 Bf5 4. c4 e6 5. Nc3 c5 6. cxd5 exd5 7. Bb5+ Nc6 8.
O-O Bd6 9. Re1 O-O 10. a3 Ne7 11. Bd3 Bg4 12. Be2 c4 13. b3 Qc7 14. Nb5 Qc6 15.
Nxd6 Qxd6 16. bxc4 Bxf3 17. Bxf3 dxc4 18. Rb1 Rab8 19. Rxb7 Rxb7 20. Bxb7 Rb8
21. Bf3 c3 22. e4 Qc7 23. Qc2 h6 24. a4 Qc4 25. Rd1 Nc6 26. Be2 Nxd4 27. Bxc4
Nxc2 28. Bf4 Rb4 29. Bd3 Nd4 30. Kf1 Rxa4 31. Rc1 g5 32. Be5 Ng4 33. Bxd4 Rxd4
34. Rxc3 Nxh2+ 35. Ke2 Ng4 36. f3 Ne5 37. Ba6 Ra4 38. Bc8 Ra2+ 39. Kf1 a5 40.
Ba6 Ng6 41. g3 a4 42. Rc5 a3 43. Ra5 Kg7 44. Bc4 Ra1+ 45. Kg2 Rc1 46. Bd5 Rc3
47. Ra7 Nh8 48. Ra6 h5 49. Kf2 h4 50. Kg2 Ng6 51. Ra7 Ne5 52. gxh4 gxh4 53. Kh3
Rxf3+ 54. Kxh4 Kg6 55. Ra6+ f6 56. Ra8 Kh6 57. Rh8+ Kg7 58. Rg8+ Kh7 59. Ra8
Rc3 60. Ra7+ Kg6 61. Be6 Nf3+ 62. Kg4 Nd4 63. Bf5+ Nxf5 64. exf5+ Kh6 65. Ra4
Kg7 66. Ra7+ Kf8 67. Kf4 Ke8 68. Ke4 Rb3 69. Kd5 Rb5+ 70. Ke6 Rb6+ 1/2-1/2

[Event "SC Falke Saerbeck 1 - Schachklub Münst"]
[Site "Regionalliga, Gr. 1 2022/2023"]
[Date "2023.02.25"]
[Round "7.7"]
[White "Sobel, Meinhard"]
[Black "Roos, Wilfried"]
[Result "0-1"]
[WhiteElo "1446"]
[BlackElo "1657"]
[PlyCount "100"]
[EventDate "2023.??.??"]
[SourceTitle "Verband Muensterland"]
[SourceDate "2022.09.15"]
[SourceVersion "1"]
[SourceVersionDate "2022.09.15"]
[SourceQuality "1"]
[WhiteTeam "Muenster SK IV"]
[BlackTeam "Saerbeck"]
[WhiteTeamCountry "GER"]
[BlackTeamCountry "GER"]

1. e4 c5 2. Nf3 d6 3. d4 cxd4 4. Nxd4 Nf6 5. Nc3 g6 6. Be3 Bg7 7. f3 O-O 8. Qd2
Nc6 9. Bc4 Na5 10. Bb3 Nxb3 11. Nxb3 Nd7 12. Bh6 Ne5 13. Bxg7 Kxg7 14. O-O-O
Be6 15. h4 h6 16. Nd5 Bxd5 17. exd5 Qb6 18. Qd4 Qxd4 19. Rxd4 Rac8 20. Re1 Rfe8
21. Re2 Rc4 22. Rxc4 Nxc4 23. Re4 b5 24. Nd4 a6 25. Ne2 Nb6 26. Rd4 Rc8 27. b4
Rc4 28. Rxc4 Nxc4 29. g3 Kf6 30. Nd4 Nb6 31. Kd2 Nxd5 32. c3 e5 33. Ne2 Nb6 34.
Kd3 d5 35. Nc1 Ke6 36. Nb3 Nd7 37. Ke3 f5 38. Kd3 g5 39. hxg5 hxg5 40. Ke3 f4+
41. gxf4 gxf4+ 42. Ke2 Kf5 43. Kf2 Nb8 44. Ke2 e4 45. fxe4+ dxe4 46. Nd2 Nc6
47. Nb3 f3+ 48. Ke3 Ne7 49. Nd4+ Ke5 50. Nc2 Nd5+ 0-1

[Event "SC Falke Saerbeck 1 - Schachklub Münst"]
[Site "Regionalliga, Gr. 1 2022/2023"]
[Date "2023.02.25"]
[Round "7.8"]
[White "Wiefel, Thomas"]
[Black "Thiry, Franz Josef"]
[Result "0-1"]
[WhiteElo "1617"]
[BlackElo "1616"]
[PlyCount "116"]
[EventDate "2023.??.??"]
[SourceTitle "Verband Muensterland"]
[SourceDate "2022.09.15"]
[SourceVersion "1"]
[SourceVersionDate "2022.09.15"]
[SourceQuality "1"]
[WhiteTeam "Saerbeck"]
[BlackTeam "Muenster SK IV"]
[WhiteTeamCountry "GER"]
[BlackTeamCountry "GER"]

1. b3 Nc6 2. Bb2 d6 3. e3 Nf6 4. Nf3 g6 5. Bb5 Bg7 6. Bxc6+ bxc6 7. c4 O-O 8.
d3 c5 9. Nc3 Bb7 10. e4 e6 11. Qc2 a6 12. O-O Nd7 13. Rfe1 Ne5 14. Nxe5 Bxe5
15. Ne2 Qf6 16. Bxe5 Qxe5 17. f4 Qg7 18. Rac1 Rac8 19. Qc3 e5 20. Rf1 f5 21.
fxe5 dxe5 22. Ng3 f4 23. Ne2 Rcd8 24. Rf3 Bc8 25. h3 g5 26. g4 fxg3 27. Rxg3
Qf6 28. Kh1 h6 29. Rcg1 Kh7 30. R1g2 Qe7 31. Ng1 Rf1 32. Kh2 Rdf8 33. Qd2 R8f4
34. Qe2 Qf7 35. Qb2 Qf6 36. Qa3 Qd6 37. Qa5 R4f2 38. Qc3 Qf6 39. Ne2 Rxg2+ 40.
Rxg2 Qe6 41. Ng1 Qf6 42. Qd2 Rf4 43. Qe3 Qf8 44. Qe2 Qf7 45. Qe3 Qf8 46. Qe2
Bd7 47. Qb2 Qd6 48. Qe2 Be8 49. Qe3 Bh5 50. Ne2 Rf3 51. Qg1 Qxd3 52. Ng3 Bg6
53. Rf2 Bxe4 54. Nxe4 Rxh3+ 55. Kg2 Rh4 56. Nf6+ Kh8 57. Qe1 Qh3+ 58. Kg1 Qh1#
0-1